Matemática 11: o essencial 11º ano

Gespeichert in:
Bibliographische Detailangaben
1. Verfasser: Borges, Carmen Rocha
Weitere Verfasser: Fernandes, Ana Maria Pinto G. da C.
Format: keine Angabe
Sprache:Portugiesisch
Erschienen: Porto Asa 2000
Ausgabe:2ª ed
Katalog:MANES:  Suchergebnis im Bibliothekskatalog
Schulbuchspezifische Eigenschaften:
Schriftenreihe:Garantia de sucesso
Tags: Tag hinzufügen
Keine Tags, Fügen Sie den ersten Tag hinzu!
Hinzugefügt zu:26.04.2016
Geändert in:25.04.2025

MARC

LEADER 000000000a22000000004500
001 28181
003 OSt
005 20250425111448.0
008 160427s pt ||||| |||| 00| 0 por d
040 |c centro_manes 
041 1 |a por 
100 1 |a Borges, Carmen Rocha  |9 15764 
245 0 0 |a Matemática 11: o essencial 11º ano 
250 |a 2ª ed 
260 3 |a Porto  |b Asa  |c 2000 
300 |a 176 p.;  |c 21 cm 
440 |a Garantia de sucesso  |9 15773 
561 |5 pt-BNP  |a Portugal. Biblioteca Nacional de Portugal  |k MANES 
690 0 |a MATE 
691 |a SE 
700 1 |a Fernandes, Ana Maria Pinto G. da C.  |9 15765 
942 |2 ddc  |c BK 
546 |a Portugal 
999 |c 29643  |d 29643 
999 |c manes:29643  |d 29643